Fundamentals of plant virology (Record no. 480148)
[ view plain ]
| 000 -LEADER | |
|---|---|
| fixed length control field | 01175cam a2200313 a 4500 |
| 001 - CONTROL NUMBER | |
| control field | 10850353 |
| 003 - CONTROL NUMBER IDENTIFIER | |
| control field | ASAB |
| 005 - DATE AND TIME OF LATEST TRANSACTION | |
| control field | 20180827062644.0 |
| 006 - FIXED-LENGTH DATA ELEMENTS--ADDITIONAL MATERIAL CHARACTERISTICS | |
| fixed length control field | m d |
| 007 - PHYSICAL DESCRIPTION FIXED FIELD--GENERAL INFORMATION | |
| fixed length control field | cr n |
| 008 - FIXED-LENGTH DATA ELEMENTS--GENERAL INFORMATION | |
| fixed length control field | 911127s1992 caua s 001 0 eng d |
| 020 ## - INTERNATIONAL STANDARD BOOK NUMBER | |
| International Standard Book Number | 0124805582 (alk. paper) |
| 035 ## - SYSTEM CONTROL NUMBER | |
| System control number | (WaSeSS)ssj0000785905 |
| 040 ## - CATALOGING SOURCE | |
| Original cataloging agency | DLC |
| Transcribing agency | ASAB |
| Modifying agency | DLC |
| -- | WaSeSS |
| 050 #4 - LIBRARY OF CONGRESS CALL NUMBER | |
| Classification number | QR351 |
| Item number | .M35 1992 |
| 082 00 - DEWEY DECIMAL CLASSIFICATION NUMBER | |
| Classification number | 581.2/34 |
| Edition number | 20 |
| 100 1# - MAIN ENTRY--PERSONAL NAME | |
| Personal name | Matthews, R. E. F. |
| Fuller form of name | (Richard Ellis Ford), |
| Dates associated with a name | 1921- |
| 9 (RLIN) | 1977 |
| 210 10 - ABBREVIATED TITLE | |
| Abbreviated title | Fundamentals of plant virology |
| 245 10 - TITLE STATEMENT | |
| Title | Fundamentals of plant virology |
| Statement of responsibility, etc. | R.E.F. Matthews. |
| 260 ## - PUBLICATION, DISTRIBUTION, ETC. | |
| Place of publication, distribution, etc. | San Diego : |
| Name of publisher, distributor, etc. | Academic Press, |
| Date of publication, distribution, etc. | c1992. |
| 300 ## - PHYSICAL DESCRIPTION | |
| Extent | 403 P. |
| 504 ## - BIBLIOGRAPHY, ETC. NOTE | |
| Bibliography, etc. note | Includes bibliographical references (p. 387-394) and index. |
| 506 ## - RESTRICTIONS ON ACCESS NOTE | |
| Terms governing access | License restrictions may limit access. |
| 650 #0 - SUBJECT ADDED ENTRY--TOPICAL TERM | |
| Topical term or geographic name entry element | Plant viruses. |
| 9 (RLIN) | 1978 |
| 773 #0 - HOST ITEM ENTRY | |
| Title | eBook - Biochemistry, Genetics and Molecular Biology (Legacy 1) [EBCBGMBL1] |
| 856 40 - ELECTRONIC LOCATION AND ACCESS | |
| Uniform Resource Identifier | <a href="http://www.columbia.edu/cgi-bin/cul/resolve?clio10850353">http://www.columbia.edu/cgi-bin/cul/resolve?clio10850353</a> |
| Public note | Full text available from eBook - Biochemistry, Genetics and Molecular Biology (Legacy 1) [EBCBGMBL1] |
| 910 ## - USER-OPTION DATA (OCLC) | |
| User-option data | Library of Congress record |
| 942 ## - ADDED ENTRY ELEMENTS (KOHA) | |
| Source of classification or shelving scheme | |
| Koha item type | Book |
| Withdrawn status | Lost status | Source of classification or shelving scheme | Damaged status | Not for loan | Collection code | Permanent Location | Current Location | Date acquired | Total Checkouts | Full call number | Barcode | Date last seen | Date last checked out | Price effective from | Koha item type |
|---|---|---|---|---|---|---|---|---|---|---|---|---|---|---|---|
| Atta-ur-Rahman School of Applied Biosciences (ASAB) | Atta-ur-Rahman School of Applied Biosciences (ASAB) | 06/23/2016 | 1 | 581.2 MAT | ASAB3368 | 04/26/2023 | 02/10/2022 | 06/23/2016 | Book |
